[Event "USA-ch Junior Girls 2019"]
[Site "Saint Louis"]
[Date "2019.07.18"]
[Round "7.2"]
[White "Samadashvili, Martha"]
[Black "Yip, Carissa"]
[Result "0-1"]
[WhiteElo "2124"]
[BlackElo "2285"]
[Annotator "TA"]
[PlyCount "114"]
[EventDate "2019.07.09"]
[EventType "tourn"]
[EventCountry "USA"]
[SourceTitle "playchess.com"]
[Source "ChessBase"]
[SourceQuality "1"]

{[%evp 10,134,22,19,35,26,26,32,32,25,47,27,31,45,52,52,45,12,18,13,47,0,0,0,-16,-11,0,0,0,-16,0,-30,-11,-84,-80,-81,-96,-81,-90,-92,-81,-158,-158,-158,-158,-163,-160,-152,-122,-126,-119,-115,-115,-136,-117,-116,-123,-116,-115,-113,-124,-126,-126,-118,-124,-140,-137,-168,-170,-171,-185,-176,-174,-188,0,-164,0,-185,-166,-180,-160,-236,-167,-163,-167,-204,-179,-196,-187,-203,-206,-349,-347,-345,-327,-304,-187,-454,-435,-491,-473,-617,-518,-655,-513,-613,-609,-729,-565,-1277,-1379,-1656,-1464,-29976,-29974,-29979,-29965,-1819,0,-29980,-29981,-29981,-29981,-29981,-29982,-29981,-29982]} 1. e4 e5 2. Nf3 Nc6 3. Bc4 Nf6 4. d3 Bc5 5. c3 O-O 6. Nbd2 d5 {C54: Giuoco Piano: 4 c3 Nf6, main lines with 5 d4 and 5 d3} 7. exd5 Nxd5 8. Ne4 Be7 {White is slightly better.} 9. O-O a6 10. a4 Bf5 $146 ({Predecessor:} 10... Bg4 11. h3 Bh5 12. Re1 Kh8 13. Ng3 Bg6 {1-0 (28) Savchenko,B (2581)-Inarkiev,E (2694) Sochi 2017}) 11. Re1 Bg6 12. a5 Qd7 13. Ng3 (13. Qb3 {is interesting.} Nf6 14. Nh4 Bh5 15. Ng3 Bg4 16. Bg5) 13... b5 14. axb6 (14. Nxe5 Nxe5 15. Rxe5 Nxc3 $15) 14... Nxb6 15. Rxa6 ({Better is} 15. Ba2 $14) 15... Nxc4 $11 16. Rxa8 Rxa8 17. dxc4 Qxd1 18. Rxd1 Ra1 19. Re1 Bd3 20. b3 f6 21. Be3 (21. c5 $11 {keeps the balance.}) 21... Ra3 $17 {[%mdl 1024] Black has strong compensation.} 22. Rd1 Bc2 23. Rd7 Ra1+ (23... Rxb3 $6 24. Rxc7 Rb1+ 25. Nf1 $11) 24. Nf1 Bd6 $1 {Strongly threatening ...Bf5.} (24... Bxb3 $6 25. N3d2 $11) 25. g4 (25. c5 $142 Bf5 26. cxd6 Bxd7 27. dxc7) 25... Bd1 $36 {[%mdl 2048] Black has strong initiative.} ({Don't play} 25... Bxb3 26. N3d2 $15) 26. Kg2 e4 $1 ({Much weaker is} 26... Bxb3 27. N1d2 $11) 27. N3d2 Bxg4 28. Rxd6 cxd6 29. Nxe4 Na5 30. Nfd2 Nb7 31. Bf4 Rd1 32. f3 Bf5 33. Kf2 Bxe4 34. Nxe4 {[%mdl 4096] Endgame KRN-KBN} Kf7 35. Ke2 Rb1 36. b4 Ke6 37. Nd2 Rb2 38. Kd1 g5 39. Be3 Ra2 40. Kc1 Ra1+ 41. Nb1 Ra2 42. Nd2 Ra1+ 43. Nb1 $1 Kf5 44. Kb2 Ra8 45. Na3 (45. Nd2 $17) 45... Re8 46. Nc2 Ke6 47. Kb3 Kd7 48. Bd4 f5 49. Ne3 {[#]} f4 $1 {[%cal Rf4e3]} 50. Nd5 (50. Ng4 {was the only defense.} Re2 51. h3) 50... Re2 $19 51. h3 Rh2 52. Nf6+ Kc8 53. Ne4 $2 (53. Nxh7 g4 54. fxg4) 53... h6 54. Nf2 {[#] If White can now play Kc2 this consolidates a bit.} Nd8 $1 55. Ka4 Nc6 56. Ne4 Rxh3 57. Nxd6+ Kc7 {Played: Kc8-d7} 0-1

[Event "USA-ch Junior Girls 2019"]
[Site "Saint Louis"]
[Date "2019.07.18"]
[Round "7.3"]
[White "Feng, Maggie"]
[Black "Li, Rachael"]
[Result "1-0"]
[WhiteElo "2198"]
[BlackElo "1736"]
[Annotator "TA"]
[PlyCount "103"]
[EventDate "2019.07.09"]
[EventType "tourn"]
[EventCountry "USA"]
[SourceTitle "playchess.com"]
[Source "ChessBase"]
[SourceQuality "1"]

{[%evp 15,103,36,52,56,53,62,59,12,14,18,30,30,64,24,24,25,77,30,80,39,40,45,76,95,83,92,95,77,109,107,133,182,193,193,207,199,244,243,560,566,597,592,579,555,1178,1129,1404,1358,1377,1396,1238,1152,1384,1303,1172,469,435,392,642,614,1573,1558,1461,1457,1491,683,29972,29973,29973,29974,29983,29984,29984,29985,29985,29985,29985,29986,29986,29987,29987,29988,29995,29996,29996,29997,29997,29998,29998,29999]} 1. d4 Nf6 2. c4 g6 3. Nc3 Bg7 4. e4 d6 5. Bd3 O-O 6. Nge2 Nbd7 7. O-O e5 8. d5 Nh5 9. Be3 {E70: King's Indian: Miscellaneous lines with 4 e4, including 5 Nge2 and 5 Bd3 0-0 6 Nge2} f5 10. exf5 gxf5 11. Ng3 {White is slightly better.} (11. f3 {keeps more tension.} Nc5 12. Bc2 a5 13. Rb1 Qh4 14. b3) 11... Nxg3 12. fxg3 Nc5 (12... e4 13. Be2 Ne5 14. Qd2 Bd7 15. Rf2 Qe8 16. Raf1 Qg6 {1-0 (29) Moiseenko,A (2648)-Jakubiec,A (2508) Germany 2019}) 13. Bc2 a5 14. Rb1 Bd7 15. Qd2 Qf6 $146 (15... Qe7 $11) ({Predecessor:} 15... Rf7 16. g4 Qh4 17. Rxf5 Bxf5 18. Bxf5 Rxf5 19. gxf5 Qxc4 {½-½ (35) Berebora,F (2390)-Matkovic,T (2255) Solin 1994}) 16. b3 (16. g4 $5) 16... b6 17. Nb5 Rac8 18. a3 a4 19. b4 Nb3 20. Bxb3 axb3 21. Rxb3 Qg6 22. a4 f4 23. gxf4 exf4 24. Bxf4 Qe4 25. Rg3 Rf7 26. Rff3 {[#] Threatens to win with Nc3.} Rcf8 $2 (26... Kh8 {is tougher.}) 27. Bh6 $18 Bg4 {Hoping for ...Bxh6.} 28. Rxf7 Rxf7 29. h3 Qb1+ 30. Kh2 Bf5 31. Bxg7 Rxg7 32. Rxg7+ Kxg7 33. Nxc7 Qe4 34. Ne6+ Bxe6 35. dxe6 {[%mdl 4096] Endgame KQ-KQ} (35. Qg5+ $142 Kf7 36. dxe6+ Kxe6 37. a5 bxa5 38. bxa5) 35... Qe5+ 36. Kg1 Qa1+ $2 (36... Kf6 37. Qh6+ Ke7 38. Qxh7+ Kxe6) 37. Kf2 {[#] Black must now prevent Qg5+.} Qf6+ 38. Kg3 Qxe6 39. Qd4+ Kf8 40. Kh2 (40. a5 $142 bxa5 41. bxa5 Qg6+ 42. Kh2) 40... h6 41. a5 {White mates.} bxa5 42. bxa5 Ke7 43. a6 d5 44. a7 Qd6+ 45. Kg1 Qa3 46. Qe5+ Kf8 47. Qb8+ Kf7 48. a8=Q Qc1+ 49. Kh2 Qxc4 50. Qf8+ Kg6 51. Qae8+ Kg5 52. Qe5+ {Accuracy: White = 68%, Black = 24%.} 1-0

[Event "USA-ch Junior Girls 2019"]
[Site "Saint Louis"]
[Date "2019.07.18"]
[Round "7.4"]
[White "Nguyen, Emily"]
[Black "Yan, Ruiyang"]
[Result "0-1"]
[WhiteElo "2102"]
[BlackElo "1851"]
[Annotator "TA"]
[PlyCount "116"]
[EventDate "2019.07.09"]
[EventType "tourn"]
[EventCountry "USA"]
[SourceTitle "playchess.com"]
[Source "ChessBase"]
[SourceQuality "1"]

{[%evp 18,116,18,0,19,25,25,16,14,-3,-2,-3,0,0,58,57,12,20,54,0,0,0,0,-23,0,-25,0,0,68,45,53,47,78,25,31,29,29,29,25,25,25,25,25,28,30,30,28,29,52,54,56,56,55,51,56,51,54,51,54,54,52,57,64,51,59,-363,-351,-330,-324,-410,-272,-402,-386,-543,-539,-504,-426,-519,-497,-506,-506,-483,-496,-472,-487,-1716,-1660,-1528,-1089,-29985,-29986,-29987,-29988,-29988,-29975,-29974,-29975,-29971,-29968,-5627,-5625]} 1. d4 Nf6 2. Nf3 e6 3. c4 b6 4. a3 Bb7 5. Nc3 d5 6. Bg5 Be7 7. e3 O-O 8. Qc2 Nbd7 9. cxd5 exd5 10. Bd3 h6 {E12: Queen's Indian: Unusual White 4th moves, 4 a3, 4 Nc3 Bb7 5 a3 and 4 Nc3 Bb7} (10... c6 11. O-O Re8 12. h3 Nf8 13. Ne5 N6d7 14. Bxe7 Qxe7 15. Nxd7 Qxd7 16. b4 g6 17. a4 a5 18. Rfb1 axb4 19. Rxb4 {1-0 (40) Li,C (2699)-Martirosyan,H (2616) chess.com INT 2019}) 11. Bf4 c5 12. h3 a6 {The position is equal.} 13. dxc5 $146 ({Predecessor:} 13. O-O Rc8 {1-0 (46) Mendoza,R (2166)-Sabogal Varela,J (1958) Bogota 2013}) 13... bxc5 14. O-O d4 15. Ne4 Nh5 (15... Rc8 $11) 16. Bh2 $14 dxe3 17. fxe3 Nhf6 18. Nd6 (18. Nc3 $14) 18... Bxd6 19. Bxd6 Re8 20. Rae1 Ne4 21. Bh2 Qb6 22. Bc4 Ndf6 (22... Bc6 $11) 23. Ne5 Re7 24. Rd1 Rc8 25. Qb1 (25. Ng6 $16 Ree8 26. h4) 25... Ba8 $11 26. Qa2 {[%cal Rc4f7]} Qb7 27. Bxf7+ Rxf7 {[#]} 28. Rd7 $1 {[%mdl 576] Decoy} Nxd7 29. Qxf7+ Kh8 30. Qxd7 Qxd7 31. Nxd7 Rd8 32. Be5 {And now Rf7 would win.} Kg8 33. Rd1 Kf7 {[#] Hoping for ...Bc6.} 34. Bc7 Rc8 35. Ba5 Bb7 36. Nb6 {Black must now prevent Rd7+.} Re8 $1 37. Nc4 Ke6 38. Nd2 Nxd2 39. Rxd2 $14 {[%mdl 4096] Endgame KRB-KRB} Be4 40. Bc7 Rc8 41. Rd6+ $2 {[%mdl 8192]} (41. Bb6 $14 {keeps the upper hand.}) 41... Ke7 $19 42. Rxa6 Rxc7 {KRB-KR} 43. Ra4 Bd5 44. Rg4 (44. e4 $142 Be6 45. Kf2) 44... Ke6 45. Kf2 (45. Rg6+ $142 Ke5 46. Rb6) 45... Ke5 46. Ke2 Be6 47. Ra4 Rb7 48. b4 c4 {[%cal Bc5c4,Bc4c3][%mdl 32]} 49. Ra5+ Ke4 50. Ra6 Bd5 {Strongly threatening ...c3.} 51. Rg6 (51. Ra8 $142 Bf7 52. Ra4) 51... Rc7 52. b5 c3 {( -> ...c2)} 53. Kd1 Bb3+ 54. Kc1 Rd7 {[%csl Gb3][%cal Rd7d1]} 55. Rg4+ Ke5 {[%csl Gb3][%cal Rd7d1]} 56. Rd4 Rxd4 57. exd4+ Kxd4 58. b6 Bd5 {Accuracy: White = 42%, Black = 74%.} 0-1

[Event "USA-ch Junior Girls 2019"]
[Site "Saint Louis"]
[Date "2019.07.18"]
[Round "7.5"]
[White "Zilajeva, Veronika"]
[Black "Bykovtsev, Agata"]
[Result "0-1"]
[WhiteElo "1855"]
[BlackElo "2012"]
[Annotator "NA RC"]
[PlyCount "84"]
[EventDate "2019.07.09"]
[EventType "tourn"]
[EventCountry "USA"]
[SourceTitle "playchess.com"]
[Source "ChessBase"]
[SourceQuality "1"]
[TimeControl "40/5400+30:1800+30"]

1. d4 {[%emt 0:00:00]} Nf6 {[%emt 0:00:00]} 2. c4 {[%emt 0:00:00]} g6 {[%emt 0:00:00]} 3. Nc3 {[%emt 0:00:00]} Bg7 {[%emt 0:00:00]} 4. e4 {[%emt 0:00:00]} d6 {[%emt 0:00:00]} 5. f4 {[%emt 0:00:00]} O-O {[%emt 0:01:07]} 6. Bd3 {[%emt 0:00:15]} c5 {[%emt 0:01:33]} 7. d5 {[%emt 0:00:13]} e6 {[%emt 0:01:00]} 8. dxe6 {[%emt 0:00:21]} fxe6 {[%emt 0:00:42]} 9. Nf3 {[%emt 0:00:13]} Nc6 {[%emt 0:00:41]} 10. O-O {[%emt 0:00:41]} Nd4 {[%emt 0:01:14]} 11. Nxd4 {[%emt 0:00:45]} cxd4 {[%emt 0:00:05]} 12. Nb5 {[%emt 0:00:16]} e5 {[%emt 0:03:39]} 13. fxe5 {[%emt 0:00:57]} dxe5 {[%emt 0:00:11]} 14. c5 {[%emt 0:00:31]} Be6 {[%emt 0:08:22]} 15. Bg5 {[%emt 0:02:05]} h6 {[%emt 0:11:45]} 16. Bd2 {[%emt 0:01:29]} Qd7 {[%emt 0:05:42]} 17. Nd6 {[%emt 0:05:45]} Nh5 {[%emt 0:03:20]} 18. b4 {[%emt 0:18:06]} Kh7 $11 {[%emt 0:05:37]} 19. b5 {[%emt 0:11:48]} Nf4 {[%emt 0:09:35]} 20. Bxf4 {[%emt 0:06:03]} exf4 {[%emt 0:00:53]} 21. Qd2 {[%emt 0:02:00]} Be5 {[%emt 0:14:28]} 22. Qb4 {[%emt 0:02:54]} f3 {[%emt 0:06:39]} 23. Rxf3 {[%emt 0:06:47]} Rxf3 {[%emt 0:00:04]} 24. gxf3 {[%emt 0:00:05]} Rf8 {[%emt 0:02:03]} 25. Rf1 {[%emt 0:00:48]} Bh3 {[%emt 0:00:22]} 26. Rf2 {[%emt 0:00:42]} Qe7 {[%emt 0:05:30]} 27. Kh1 {[%emt 0:03:42]} Qh4 {[%emt 0:03:46]} 28. Qd2 {[%emt 0:03:12]} Bf4 {[%emt 0:01:06]} 29. Qe2 {[%emt 0:01:02]} Be3 {[%emt 0:02:11]} 30. Rg2 {[%emt 0:00:09]} Bxg2+ {[%emt 0:01:06]} 31. Qxg2 {[%emt 0:00:11]} Qe1+ {[%emt 0:01:25]} 32. Bf1 {[%emt 0:00:45]} d3 {[%emt 0:01:30]} 33. Nc4 {[%emt 0:02:33]} d2 {[%emt 0:01:32]} 34. Nxe3 {[%emt 0:01:16]} Qxe3 {[%emt 0:00:06]} 35. Be2 {[%emt 0:00:13]} Qxc5 {[%emt 0:01:20]} 36. Qf1 {[%emt 0:00:38]} Rc8 {[%emt 0:02:55]} 37. Bd1 {[%emt 0:01:04]} Qe3 {[%emt 0:01:25]} 38. Kg2 {[%emt 0:02:00]} Rc1 {[%emt 0:00:49]} 39. a4 {[%emt 0:00:00]} h5 {[%emt 0:00:00]} 40. Kh3 {[%emt 0:00:00]} Kh6 {[%emt 0:00:00]} 41. Kg2 {[%emt 0:06:11]} Rxd1 {[%emt 0:04:54]} 42. Qxd1 {[%emt 0:00:55]} Qe1 {[%emt 0:00:06]} 0-1

[Event "USA-ch Junior Girls 2019"]
[Site "Saint Louis"]
[Date "2019.07.19"]
[Round "8.1"]
[White "Cervantes Landeiro, Thalia"]
[Black "Bykovtsev, Agata"]
[Result "1-0"]
[WhiteElo "2147"]
[BlackElo "2012"]
[Annotator "TA"]
[PlyCount "89"]
[EventDate "2019.07.09"]
[EventType "tourn"]
[EventCountry "USA"]
[SourceTitle "playchess.com"]
[Source "ChessBase"]
[SourceQuality "1"]

{[%evp 17,89,38,47,41,57,22,28,18,52,0,0,0,8,0,43,47,47,38,36,10,10,18,70,35,13,7,54,68,63,54,64,36,53,53,59,-59,-66,-51,0,0,0,0,0,0,0,0,0,-28,-17,-193,62,46,165,0,0,0,0,0,0,0,64,62,2581,2050,29997,29998,29998,272,29996,29997,29997,29998,29998,29999]} 1. d4 Nf6 2. c4 g6 3. f3 Bg7 4. e4 d6 5. Nc3 O-O 6. Nge2 Nc6 7. Be3 a6 8. Qd2 Rb8 9. Rc1 Bd7 10. Nd1 {E84: King's Indian: Sämisch Panno: 7 Nge2 a6 8 Qd2 Rb8} Re8 (10... b5 11. c5 Ne8 12. Nf2 e6 13. g3 f5 14. Bg2 Nf6 15. O-O Kh8 16. b3 d5 17. e5 Ng8 {1-0 (69) Vitiugov,N (2734)-Hjartarson,J (2523) Helsingor 2018}) 11. g3 b5 12. c5 {White has an edge.} e6 $146 ({Predecessor:} 12... dxc5 13. Rxc5 e6 {1-0 (41) Dambacher,M (2480)-Wemmers,X (2353) Belgium 2012}) 13. Bg2 dxc5 14. Rxc5 Bf8 15. Rc1 Bb4 16. Ndc3 e5 17. O-O exd4 18. Nxd4 Ne5 $1 19. Bg5 Nc4 (19... Be7 $11) 20. Qf4 Be7 21. b3 Nh5 22. Bxe7 Qxe7 23. Qh6 Nb6 $1 24. f4 c5 25. Nf3 b4 26. Nd5 (26. Nd1 $1 $14) 26... Nxd5 $15 27. exd5 f6 (27... Qe3+ $15 28. Kh1 Bb5) 28. Rfe1 $11 Qd6 29. Nd2 Rxe1+ 30. Rxe1 {[#] Ne4 is the strong threat.} Re8 31. Rxe8+ Bxe8 32. f5 Qe5 {And now ...Qd4+ would win.} 33. Nc4 $2 (33. fxg6 $11 {and White stays safe.} Qd4+ 34. Kh1 hxg6 35. Bf3) 33... Qxf5 $2 ({Black should play} 33... Qe1+ $19 34. Bf1 g5) 34. Qe3 $36 {[%mdl 2048] White has the initiative.} Bd7 (34... Ng7 $14) 35. Be4 $2 (35. Qe7 $18 Qb1+ 36. Bf1) 35... Qg4 $11 36. Bf3 Qf5 37. Nd6 Qb1+ 38. Kf2 Qxa2+ ({Better is} 38... Qb2+ $11 39. Be2 Ng7) 39. Be2 $1 $14 {Black must now prevent Qe7.} Bb5 $2 {[%mdl 8192]} (39... Qa1 $14) 40. Qe6+ $18 Kg7 41. Qe7+ Kh6 42. Nf7+ {[%mdl 64] [#] Discovered Attack} Kg7 {Hoping for ...Qxe2+.} 43. Ne5+ {White mates.} Kh6 44. Ng4+ {[%mdl 64] Double Attack} Kg5 45. h4+ {Accuracy: White = 52%, Black = 44%.} 1-0

[Event "USA-ch Junior Girls 2019"]
[Site "Saint Louis"]
[Date "2019.07.19"]
[Round "8.2"]
[White "Yan, Ruiyang"]
[Black "Zilajeva, Veronika"]
[Result "1-0"]
[WhiteElo "1851"]
[BlackElo "1855"]
[Annotator "NA"]
[PlyCount "87"]
[EventDate "2019.07.09"]
[EventType "tourn"]
[EventCountry "USA"]
[SourceTitle "playchess.com"]
[Source "ChessBase"]
[SourceQuality "1"]
[TimeControl "40/5400+30:1800+30"]

1. e4 {[%emt 0:00:00]} e6 {[%emt 0:00:00]} 2. d4 {[%emt 0:00:00]} d5 {[%emt 0:00:00]} 3. Nc3 {[%emt 0:00:00]} Nf6 {[%emt 0:00:00]} 4. e5 {[%emt 0:00:00]} Nfd7 {[%emt 0:00:00]} 5. f4 {[%emt 0:00:00]} c5 {[%emt 0:00:01]} 6. Nf3 {[%emt 0:00:00]} Nc6 {[%emt 0:00:26]} 7. Be3 {[%emt 0:00:09]} Qb6 {[%emt 0:01:46]} 8. Na4 {[%emt 0:00:11]} Qa5+ {[%emt 0:00:54]} 9. c3 {[%emt 0:00:12]} c4 {[%emt 0:05:10]} 10. b4 {[%emt 0:01:36]} Qd8 {[%emt 0:02:24] C11: French: Classical System: 4 e5 and 4 Bg5 dxe4} (10... Qc7 11. Be2 Be7 12. O-O O-O 13. Qd2 f5 14. exf6 Nxf6 15. Qc2 b6 16. Ne5 Bb7 17. Nb2 b5 18. a4 a6 19. Bf3 Bd6 20. Rae1 {1-0 (144) Robson,R (2660)-Akobian,V (2647) Saint Louis 2018}) 11. Qd2 $146 {[%emt 0:03:52]} ({Predecessor:} 11. Be2 b5 12. Nc5 Nxc5 13. dxc5 a5 14. a3 Be7 15. O-O O-O 16. Nd4 Nxd4 17. Bxd4 Bd7 18. Bf3 {1-0 (54) Samsonkin,A (2424)-Tremblay,R (2146) Kingston 2019}) 11... Ne7 {[%emt 0:04:42]} 12. Be2 {[%emt 0:03:49]} h5 {[%emt 0:04:20]} 13. Bd1 {[%emt 0:11:01]} Nf5 {[%emt 0:06:25]} 14. Bc2 {[%emt 0:02:12]} Be7 {[%emt 0:01:41]} 15. g3 {[%emt 0:08:42]} Nf8 {[%emt 0:02:55]} 16. Bf2 {[%emt 0:01:30]} Bd7 {[%emt 0:02:10]} 17. Ke2 {[%emt 0:06:38]} Bxa4 {[%emt 0:10:04]} 18. Bxa4+ {[%emt 0:00:08]} Nd7 {[%emt 0:00:05]} 19. h3 {[%emt 0:00:59]} g6 {[%emt 0:02:37]} 20. g4 {[%emt 0:01:00]} Ng7 {[%emt 0:00:19]} 21. Bc2 {[%emt 0:02:02]} Nf8 {[%emt 0:04:47]} 22. a4 {[%emt 0:00:22]} Qd7 {[%emt 0:01:33]} 23. a5 {[%emt 0:04:28]} O-O-O {[%emt 0:00:30]} 24. Rhb1 {[%emt 0:02:56]} hxg4 {[%emt 0:03:02]} 25. hxg4 {[%emt 0:00:02]} g5 {[%emt 0:01:51]} 26. fxg5 {[%emt 0:04:54]} Ng6 {[%emt 0:00:34]} 27. Rh1 {[%emt 0:03:09]} Rxh1 {[%emt 0:03:14]} 28. Rxh1 {[%emt 0:00:01]} Rh8 {[%emt 0:00:08]} 29. Rh6 {[%emt 0:00:14]} Qe8 {[%emt 0:01:56]} 30. Be3 {[%emt 0:00:17]} Qf8 {[%emt 0:05:20]} 31. Qe1 {[%emt 0:06:49]} Ne8 {[%emt 0:00:48]} 32. Bxg6 {[%emt 0:04:48]} fxg6 {[%emt 0:00:23]} 33. Nh4 {[%emt 0:01:20]} Rg8 {[%emt 0:06:47]} 34. Nxg6 {[%emt 0:00:20]} Qg7 {[%emt 0:01:05]} 35. Nxe7+ {[%emt 0:01:31]} Qxe7 {[%emt 0:00:07]} 36. g6 {[%emt 0:01:41]} Qd7 {[%emt 0:01:06]} 37. Qf1 $18 {[%emt 0:15:07]} Qa4 {[%emt 0:05:30]} 38. Qf7 {[%emt 0:00:37]} Qc2+ {[%emt 0:00:10]} 39. Kf3 {[%emt 0:00:13]} Qe4+ {[%emt 0:01:01]} 40. Kf2 {[%emt 0:00:00]} Qc2+ {[%emt 0:00:00]} 41. Kg3 {[%emt 0:00:36]} Qe2 {[%emt 0:01:41]} 42. Bf2 {[%emt 0:00:20]} Qd3+ {[%emt 0:01:00]} 43. Kh2 {[%emt 0:00:12]} Qd2 {[%emt 0:04:32]} 44. Rh7 {[%emt 0:00:12]} 1-0

[Event "USA-ch Junior Girls 2019"]
[Site "Saint Louis"]
[Date "2019.07.19"]
[Round "8.3"]
[White "Li, Rachael"]
[Black "Nguyen, Emily"]
[Result "1-0"]
[WhiteElo "1736"]
[BlackElo "2102"]
[Annotator "TA"]
[PlyCount "117"]
[EventDate "2019.07.09"]
[EventType "tourn"]
[EventCountry "USA"]
[SourceTitle "playchess.com"]
[Source "ChessBase"]
[SourceQuality "1"]

{[%evp 15,117,30,54,0,6,0,0,-6,-4,-48,-32,-34,-33,-30,-31,-54,-42,-81,-76,-119,-107,-202,-189,-264,-265,-243,-95,-125,-6,-13,-11,-12,-14,-13,-12,-10,0,0,0,0,16,0,8,8,9,0,21,0,5,0,0,0,0,0,0,0,0,0,16,0,172,170,171,180,187,204,151,0,0,0,3139,3094,3380,3005,2951,2915,2748,1792,3241,2923,2997,2038,2267,2068,1961,1224,29960,12846,29971,29973,29972,29974,29978,29979,29979,29980,29978,29971,29969,29970,29966,29966,9095,4618]} 1. e4 c5 2. Nf3 e6 3. d4 cxd4 4. Nxd4 Nf6 5. Nc3 d6 6. g4 h6 7. Rg1 Nc6 8. Be3 a6 9. Qd2 {B81: Sicilian Scheveningen: Keres Attack} (9. h4 h5 10. gxh5 Rxh5 11. Bg5 Rh8 12. Be2 Bd7 13. Qd2 Qb6 14. Nb3 Qc7 15. O-O-O b5 16. a3 Rb8 {½-½ (49) Bacrot,E (2697)-Ivanchuk,V (2726) Berlin 2015}) 9... Nxd4 10. Qxd4 e5 11. Qd1 {The position is equal.} Be6 12. f3 $146 ({Predecessor:} 12. h4 Rc8 13. g5 Rxc3 14. gxf6 Rxe3+ 15. fxe3 Qxf6 {0-1 (63) Wantiez,F (2265)-Schenk,A (2497) Kolobrzeg 2005}) 12... d5 13. exd5 $1 Nxd5 14. Nxd5 Bxd5 15. Bd3 Qa5+ 16. c3 Rd8 17. Qc2 Bxf3 18. Bc4 (18. Be4 $17 {keeps fighting.} Bxe4 19. Qxe4) 18... Qc7 19. Bb3 (19. Be2 $142 Bxe2 20. Qxe2) 19... e4 $19 20. Qf2 Rc8 (20... Be7 $19 {And now ...Rd3 would win.} 21. Bb6 Qc6 22. Bxd8 Bxd8) 21. Bb6 Bc5 ({Better is} 21... Qd7 $17 {White must now prevent ...Qb5.} 22. Qd4 Qxd4 23. Bxd4 Bd6) 22. Bxc7 $11 Bxf2+ 23. Kxf2 {Strongly threatening Be5.} Rxc7 24. Bd1 Bxd1 25. Raxd1 {[%mdl 4096] Endgame KRR-KRR} O-O 26. Ke3 Re7 27. Rd5 g6 28. h4 Rfe8 29. Rf1 Re5 30. c4 R8e7 31. b4 Kg7 32. Rf4 g5 33. hxg5 hxg5 34. Rf5 Rxf5 35. Rxf5 {KR-KR} Kg6 36. Rd5 Re6 37. c5 f6 $2 (37... Rf6 $11) 38. a4 $1 $18 {[%cal Ba2a4,Ba4a5][%mdl 32]} b6 39. a5 $1 {[%cal Ra5b6]} bxa5 40. bxa5 Kf7 {[#]} 41. Rd7+ $2 (41. Rd4 $1 $16) 41... Kg6 $1 $11 42. Rd5 Re7 $2 {[%mdl 8192] [#]} (42... Kf7 $11) 43. c6 $1 $18 Kf7 44. Rc5 Rc7 45. Kxe4 Ke6 46. Rc1 Kd6 47. Kf5 Ke7 48. Re1+ Kd6 49. Re6+ Kc5 50. Kxf6 Kb5 51. Kxg5 Kxa5 52. Kh6 Kb6 53. g5 Rf7 {[#]} 54. c7+ $1 {[%mdl 512]} Kxc7 55. Rxa6 Rf1 56. Re6 Kd7 57. Re2 Rh1+ 58. Kg7 Rg1 59. g6 {Accuracy: White = 58%, Black = 43%.} 1-0

[Event "USA-ch Junior Girls 2019"]
[Site "Saint Louis"]
[Date "2019.07.19"]
[Round "8.4"]
[White "Yip, Carissa"]
[Black "Feng, Maggie"]
[Result "1-0"]
[WhiteElo "2285"]
[BlackElo "2198"]
[Annotator "TA"]
[PlyCount "143"]
[EventDate "2019.07.09"]
[EventType "tourn"]
[EventCountry "USA"]
[SourceTitle "playchess.com"]
[Source "ChessBase"]
[SourceQuality "1"]

{[%evp 13,143,37,117,100,102,84,95,84,120,124,115,116,127,130,143,133,177,166,176,175,170,154,165,163,178,177,162,167,169,175,160,171,162,147,160,135,144,128,136,136,133,127,116,45,57,-33,-24,-31,-34,-87,-64,-71,-25,-25,-15,-12,0,0,0,0,0,-32,-35,-41,0,-28,30,33,58,51,77,83,84,78,86,83,85,93,173,169,158,150,158,150,147,118,241,233,295,293,295,292,321,321,338,336,369,311,408,400,416,410,390,366,476,475,12841,12842,12841,11869,1141,1109,29937,29939,29937,12850,12850,29937,29947,29948,29947,12847,12829,12825,10672,9662,6049,6049,6049,5639,4133,4133]} 1. e4 g6 2. d4 Bg7 3. Be3 c6 4. Nc3 d5 5. Qd2 Nf6 6. e5 Ng4 7. Bf4 h5 (7... f6 $1 $14) 8. Nf3 {B15: Caro-Kann: 3 Nc3: 3...g6 and 3...dxe4 4 Nxe4 Nf6 5 Nxf6+ exf6} (8. Bd3 Nh6 9. Nf3 Bf5 10. O-O Bxd3 11. Qxd3 e6 12. Bg5 Qb6 13. Nh4 Nf5 14. Nxf5 exf5 15. Rfe1 Na6 {1-0 (41) Kumala,A (2220)-Piesik,P (2374) Katowice 2017}) 8... Nh6 9. O-O-O Bg4 10. Be2 {White is better.} Nd7 $146 ({Predecessor:} 10... Bxf3 11. Bxf3 e6 12. Bg5 Qa5 13. Kb1 Na6 14. h3 c5 15. g4 cxd4 16. Qxd4 {½-½ (24) Gentili,G (2099)-Ceccarini,M (2094) Bratto 2014}) 11. h3 Bxf3 12. Bxf3 Qa5 13. Kb1 e6 14. g4 h4 15. Bg5 Ng8 16. Nxd5 Qxd2 17. Nc7+ {[%mdl 64] Double Attack, Zwischenzug} Kf8 18. Bxd2 (18. Rxd2 Rc8 $11) 18... Rc8 19. Bb4+ Ne7 20. Bd6 Nb6 21. b3 Rd8 22. c4 $1 Nbc8 23. c5 Nxd6 24. cxd6 Nc8 25. Rhe1 Bh6 26. b4 Nxd6 27. exd6 Rxd6 {[#]} 28. d5 ({White should try} 28. b5 $1 $16) 28... cxd5 $14 29. Nb5 (29. a3 $14) 29... Rb6 $15 30. Be2 a6 31. Nd4 (31. Nc3 $1 $15) 31... Rxb4+ $17 32. Nb3 Ke7 33. Rd4 Rxd4 34. Nxd4 Bf4 35. Bd3 Rc8 36. Ne2 Bd6 37. Ng1 Rc3 {[%mdl 1024] Black has compensation.} 38. Rd1 e5 39. Ne2 Rc8 ({Black should play} 39... Ra3) 40. Bc2 $11 d4 41. g5 f6 42. gxf6+ Kxf6 43. Be4 g5 44. Rd3 Rc7 45. Bd5 Rg7 (45... Bb4 $16) 46. Rf3+ $18 Ke7 47. Bxb7 g4 48. hxg4 Rxg4 {[#] Black wants to play ...e4.} 49. Rh3 $1 {Hoping for Kc2.} ({Not} 49. Bxa6 e4 $15) 49... a5 (49... d3 $16 50. Rxd3 Bc5) 50. Kc2 Bb4 51. f3 ({Don't take} 51. Bf3 Rg5 $18) 51... Rg7 52. Rxh4 Kf6 53. Be4 Rc7+ 54. Kd3 Bf8 55. Rg4 a4 56. Rg6+ Kf7 57. Rc6 Rd7 58. Ng3 a3 59. Rb6 Rc7 (59... Rd8 $142 60. Bf5 Rd6) 60. Rb7 Rxb7 61. Bxb7 Ke6 62. Ke4 Bd6 63. Bd5+ Kf6 64. Nf1 (64. Nf5 $142 Bc7 65. Nh6 Kg5 66. Ng4 d3 67. Kxd3 Bd6 68. Ke4 Bf8 69. Nxe5) 64... Bb4 65. Bc4 Ba5 66. Nh2 Bc7 67. Ng4+ Ke7 {White is clearly winning.} 68. Nxe5 Bb6 69. Bd3 Ke6 70. Nc6 Kd6 71. Nxd4 Ke7 72. Kd5 {Accuracy: White = 71%, Black = 39%.} 1-0